Movies Quiz

Random Movies or James Bond Quiz

James Bond theme songs Quiz Stats

 Plays Quiz not verified by Sporcle

Score 0/96 Timer 08:00
0 Plays Today
Hint Answer % Correct
Dr No
90.4%
Sean ConneryGoldfinger
88.7%
Goldfinger
88.7%
Sean ConneryFrom Russia with love
83.5%
From Russia with love
83.5%
Sean ConneryThunderball
81.7%
Thunderball
81.7%
Sean ConneryDiamonds are forever
78.3%
Diamonds are forever
78.3%
Roger MooreLive and let die
77.4%
Live and let die
77.2%
On her majesty's secret service
76.5%
Roger MooreA view to a kill
76.5%
A view to a kill
76.5%
Shirley Bassey
75.7%
Sean ConneryYou only live twice
75.7%
You only live twice
75.7%
Shirley Bassey
75.7%
Shirley Bassey
75.7%
1962
74.8%
Pierce BrosnanGoldeneye
74.8%
Goldeneye
74.8%
1964
73.9%
Roger MooreThe man with the golden gun
73.9%
The man with the golden gun
73.9%
Timothy DaltonThe living daylights
73.9%
The living daylights
73.9%
Daniel CraigSkyfall
73.9%
Skyfall
73.9%
1971
73%
Roger MooreMoonraker
73%
Moonraker
73%
Hint Answer % Correct
Casino royale
73%
1963
71.3%
Tom Jones
71.3%
1965
71.3%
1973
71.3%
1967
70.4%
1969
70.4%
The spy who loved me
70.4%
Duran Duran
70.4%
Spectre
70.4%
Paul McCartney and wings
69.6%
Pierce BrosnanTomorrow never dies
69.6%
Tomorrow never dies
69.6%
1977
68.7%
Roger MooreFor your eyes only
68.7%
For your eyes only
68.7%
Octopussy
68.7%
1981
67.8%
1985
67.8%
2006
67.8%
1979
67%
1983
67%
1995
67%
2002
67%
Quantum of solace
67%
2012
67%
George LazenbyWe have all the time in the world
66.1%
Pierce BrosnanThe world is not enough
66.1%
The world is not enough
66.1%
1974
65.2%
Aha
65.2%
1987
65.2%
Hint Answer % Correct
1989
65.2%
1997
65.2%
1999
65.2%
Pierce BrosnanDie another day
65.2%
Die another day
65.2%
Madonna
64.3%
2008
64.3%
Adele
64.3%
2015
64.3%
Nancy Sinatra
62.6%
Carly Simon
62.6%
Timothy DaltonLicence to kill
62.6%
Licence to kill
62.6%
Louis Armstrong
60.9%
Tina Turner
60%
Garbage
60%
Sean ConneryJames Bond theme
59.1%
Lulu
59.1%
Sheena Easton
59.1%
Roger MooreNobody does it better
58.3%
Daniel CraigAnother way to die
56.5%
Sheryl Crow
53%
Gladys Knight
51.3%
Daniel CraigYou know my name
50.4%
Matt Monro
49.6%
Sam Smith
48.7%
Roger MooreAll time high
47%
Chris Cornell
47%
Rita Coolidge
44.3%
Monty Norman
41.7%
Daniel CraigThe writing's on the wall
40%
Alicia Keys and Jack White
39.1%

You're not logged in!

Compare scores with friends on all Sporcle quizzes.
OR
Log In

Sporcle TV

Today on Sporcle TV


Watch our educational content, quiz creation guides, and fun videos on Sporcle TV.

Show Comments

Extras

Top Quizzes Today


Score Distribution

Your Account Isn't Verified!

In order to create a playlist on Sporcle, you need to verify the email address you used during registration. Go to your Sporcle Settings to finish the process.

Report this User

Report this user for behavior that violates our Community Guidelines.

Details: